Countries with Two Word Names - Statistics

General Stats
  • This quiz has been taken 70 times
    40 since last reset
  • The average score is 18 of 26
Answer Stats
Answer % Correct
New Zealand
87%
South Africa
87%
South Sudan
87%
Dominican Republic
83%
El Salvador
80%
San Marino
80%
Vatican City
80%
Saint Lucia
77%
Sri Lanka
77%
Trinidad and Tobago
77%
Saudi Arabia
73%
Cape Verde
70%
Marshall Islands
70%
Antigua and Barbuda
67%
Burkina Faso
67%
Guinea Bissau
67%
Solomon Islands
67%
Bosnia and Herzegovina
63%
Costa Rica
63%
Ivory Coast
63%
North Macedonia
63%
Czech Republic
60%
Equatorial Guinea
60%
Timor-Leste
57%
Sierra Leone
53%
Russian Federation
13%
No matching quizzes found
Score Distribution
Percent of People with Each Score
Percentile by Number Answered
Your Score History
You have not taken this quiz since the last reset